|
|
|
|
| LEADER |
00000nam a22000007a 4500 |
| 005 |
20190810170031.0 |
| 007 |
cr|||| |||| |
| 008 |
190810s2019 mx |||||s|||| 00||0 spa d |
| 020 |
|
|
|a 978-607-629-426-0
|
| 035 |
|
|
|a 23982
|
| 040 |
|
|
|a vLex
|
| 090 |
|
|
|c 9154
|d 9154
|
| 100 |
1 |
|
|a Domn̕guez Hernǹdez, M.I. Javier Eli
|
| 245 |
1 |
0 |
|a Anl̀isis societario y fiscal de la sociedad por acciones simplificada 2019
|h [Recurso electrn̤ico] /
|c M.I. Javier Eli Domn̕guez Hernǹdez
|
| 256 |
|
|
|a Servicio en ln̕ea
|
| 260 |
|
|
|a Ciudad de Mx̌ico:
|b Tax Editores,
|c 2019
|
| 300 |
|
|
|a 1 recurso electrn̤ico
|
| 500 |
|
|
|a La materia mercantil ha tenido modificaciones importantes en los l︢timos aǫs para adecuarse a la realidad. Esto produjo la necesidad de habilitar una nueva sociedad que tuviera las caracters̕ticas particulares de poder ser creada a partir de un solo socio y realizar la constitucin̤ y, en su caso, la disolucin̤ y liquidacin̤ de forma electrn̤ica y econm̤ica. La presente obra tiene por objeto proporcionar al lector un anl̀isis integral respecto a la Sociedad por Acciones Simplificada, vista desde un enfoque mercantil y fiscal, proporcionando una gua̕ para la constitucin̤ y operacin̤, as ̕como para la disolucin̤ y liquidacin̤. Abarcar ̀aspectos legales y mercantiles, para culminar con la parte fiscal. Aunque esta nueva sociedad est ̌constituida por una sola persona fs̕ica, para efectos legales y fiscales es considerada una persona moral, por lo que sus obligaciones cambiarǹ. En el presente libro, tambiň se analizarǹ el costo fiscal y las formalidades para hacer llegar los beneficios al (a los) accionista(s). El conocimiento integral de la SAS proporcionar ̀elementos para una mejor toma de decisiones respecto a cul̀ ser ̀la figura jurd̕ica a utilizar de acuerdo a las necesidades del empresario y de la negociacin̤.
|
| 506 |
1 |
|
|a Disponible solo en los productos indicados
|d vLex Global
|d vLex Global (Academic Edition, excluding Law Schools)
|d vLex Global (U.S. Academic Edition, Law Schools)
|d vLex Global (U.S. Academic Edition, excluding Law Schools)
|d vLex Global (Academic Edition, Law Schools)
|
| 650 |
0 |
4 |
|a Derecho Fiscal
|z Mx̌ico
|
| 740 |
0 |
|
|a vLex Libros (Servicio en ln̕ea)
|
| 856 |
4 |
0 |
|u http://vlex.com/source/analisis-societario-y-fiscal-de-la-sociedad-por-acciones-simplificada-2019-23982
|z Acceso restringido
|
| 942 |
|
|
|c BOOK
|
| 999 |
0 |
|
|a Tax Law
|